000 00704nam a2200289Ia 4500
005 20260324115643.0
008 008 260324s9999 xx 000 0 eng d
020 _a9781315116792
037 _aEBOOK
040 _aCRL
040 _beng
040 _cCRL
041 _2eng
041 _aeng
084 _qCRL
100 _aZainura Zainon Noor; Noor Salehan Mohammad Sabli
_91155501
245 0 _aSustainable Water Treatment
245 0 _bInnovative Technologies
260 _bTaylor and Francis
260 _c2017
365 _a
365 _b355
856 _uhttp://www.taylorfrancis.com/books/9781315116792
942 _cEBOOK
999 _c1746530
_d1746530